[Event "Berlin-ch Seniors op 31st"]
[Site "Berlin"]
[Date "2015.01.31"]
[Round "3"]
[White "Cichon, Joerg"]
[Black "Rabe, Karl Heinz"]
[Result "1-0"]
[WhiteElo "1636"]
[BlackElo "1100"]
[PlyCount "81"]
[EventDate "2015.01.29"]
[EventType "swiss"]
[EventRounds "9"]
[EventCountry "GER"]
[SourceTitle "EXT 2018"]
[Source "ChessBase"]
[SourceDate "2017.10.13"]
[SourceVersion "1"]
[SourceVersionDate "2017.10.13"]
[SourceQuality "1"]

1. e4 e6 2. d4 c5 3. Nf3 Nc6 4. d5 exd5 5. exd5 Nd4 6. Nxd4 cxd4 7. Qxd4 b6 8. c4 d6 9. Nc3 Nf6 10. Bg5 Be7 11. Bd3 Bd7 12. 0-0 0-0 13. Rfe1 Re8 14. Bc2 Qc7 15. Qd3 a6 16. Rxe7 Rxe7 17. Bxf6 g6 18. Bxe7 Bf5 19. Bxd6 Qxd6 20. Qe2 Kf8 21. Re1 Qd7 22. Bxf5 gxf5 23. Qe5 Kg8 24. h3 Rf8 25. Re3 f6 26. Qe6+ Qf7 27. Qxf7+ Kxf7 28. Re6 Rb8 29. Rc6 Ke7 30. Rc7+ Kd6 31. Rxh7 b5 32. c5+ Kxc5 33. Rc7+ Kd6 34. Rc6+ Kd7 35. Rxa6 b4 36. Na4 Kc7 37. Rc6+ Kd7 38. Nc5+ Ke7 39. d6+ Kf7 40. d7 Rd8 41. Rc8 1-0